Hungary: towards a strategic state approach

Gespeichert in:
Bibliographische Detailangaben
Format: Buch
Sprache:Englisch
Veröffentlicht: Paris OECD 2015
Schriftenreihe:OECD public governance reviews
Schlagworte:
Tags: Tag hinzufügen
Keine Tags, Fügen Sie das erste Tag hinzu!

MARC

LEADER 00000nam a2200000 4500
001 0212607
005 20240314123019.9
020 |a 978-92-64-21354-8 
041 0 |a eng 
044 |a FR 
245 1 0 |a Hungary: towards a strategic state approach 
264 1 |a Paris  |b OECD  |c 2015 
300 |a 148 s. 
490 1 |a OECD public governance reviews 
830 0 |a OECD public governance reviews 
610 2 0 |a správa verejná 
610 2 0 |a reformy 
610 2 0 |a administratíva 
610 2 0 |a správa štátna 
610 2 0 |a vláda 
610 2 0 |a regulácia 
610 2 0 |a bariéry legislatívne 
610 2 0 |a konkurencia 
610 2 0 |a korupcia 
610 2 0 |a Maďarsko